000 00628nam a2200217 4500
008 040702s2002 -hk chi
020 _a9627997218 :
_cNT405.60
090 _aBL467
_bF95c
100 1 _a刑福增.
245 1 0 _a中國祭祖問題 /
_c刑福增.梁家麟合著
260 _a香港 :
_b建道神學院,
_c1997.
300 _axii, 242 p.
490 1 _aCCCRC occasional paper;
_v4
650 4 _aAncestor worship
_zChina {ch}.
650 4 _aChristianity
_zChina {ch}.
650 4 _aFilial piety
_zChina {ch}.
650 4 _aReligion
_xChina {ch}.
951 _x00028034
700 1 _a梁家麟
942 _2lcc
999 _c20439
_d20439